000 00285nam a22001337a 4500
008 170927b xxu||||| |||| 00| 0 eng d
020 _a9780328108381
041 _aeng
080 _a37
100 _a46
101 _aEDU
245 _aREADING STREET
_cFORESMAN.S
942 _2udc
_cBK
999 _c30197
_d30197